header

Geography@university (Record no. 24394)

MARC details
000 -LEADER
fixed length control field 01312nam a2200325 a 4500
082 04 - DEWEY DECIMAL CLASSIFICATION NUMBER
Classification number 910/.07
100 1# - MAIN ENTRY--AUTHOR NAME
Personal name Clark, G.
245 10 - TITLE STATEMENT
Title Geography@university
260 ## - PUBLICATION, DISTRIBUTION, ETC. (IMPRINT)
Place of publication London ;
-- Thousand Oaks :
Name of publisher Sage Publications,
Year of publication 2003.
300 ## - PHYSICAL DESCRIPTION
Number of Pages vii, 204 p. :
Other physical details ill., maps.
650 #0 - SUBJECT ADDED ENTRY--TOPICAL TERM
Topical Term Geography
700 1# - ADDED ENTRY--PERSONAL NAME
Personal name Wareham, Terry.
856 40 - ELECTRONIC LOCATION AND ACCESS
Uniform Resource Identifier http://site.ebrary.com/lib/rucke/Doc?id=10268622

No items available.

© 2026 Rongo University
Contact us: librarian | system librarian | Rongo university